| 000 | 00450nam a2200181Ia 4500 | ||
|---|---|---|---|
| 008 | 230524s9999 xx 000 0 und d | ||
| 020 | _a9788131706710 | ||
| 082 |
_a385 _bPHO |
||
| 100 |
_aGoutam Pohit _941939 |
||
| 245 | 0 | _aMachine Drawing with Auto CAD | |
| 250 | _a1 | ||
| 260 |
_aNew Delhi _bPearson _c2007 |
||
| 300 | _a"XVI,470P;" | ||
| 500 | _aQuantity Number: 1 | ||
| 650 | _aMechanical | ||
| 700 |
_aGoutam Ghosh _941940 |
||
| 942 | _cBK | ||
| 999 |
_c56361 _d56361 |
||